CARDIOLOGY (Record no. 2762)

000 -LEADER
fixed length control field 00598nam a22002537a 4500
003 - CONTROL NUMBER IDENTIFIER
control field OSt
005 - DATE AND TIME OF LATEST TRANSACTION
control field 20210719111146.0
008 - FIXED-LENGTH DATA ELEMENTS--GENERAL INFORMATION
fixed length control field 210719b ||||| |||| 00| 0 eng d
020 ## - INTERNATIONAL STANDARD BOOK NUMBER
International Standard Book Number 0815141742
040 ## - CATALOGING SOURCE
Transcribing agency ALUPE UNIVERSITY
050 ## - LIBRARY OF CONGRESS CALL NUMBER
Classification number RC681
Item number .Y3 1982
100 ## - MAIN ENTRY--PERSONAL NAME
Personal name HARVEY
Dates associated with a name 1982
245 ## - TITLE STATEMENT
Title CARDIOLOGY
260 ## - PUBLICATION, DISTRIBUTION, ETC.
Place of publication, distribution, etc. Chicago :
Name of publisher, distributor, etc. Year book medical publishers,
Date of publication, distribution, etc. c1982
300 ## - PHYSICAL DESCRIPTION
Extent 424pgs
Other physical details ills
500 ## - GENERAL NOTE
General note index
650 ## - SUBJECT ADDED ENTRY--TOPICAL TERM
Topical term or geographic name entry element Cardiology
700 ## - ADDED ENTRY--PERSONAL NAME
Personal name KIRKENDALL
700 ## - ADDED ENTRY--PERSONAL NAME
Personal name KIRKLIN
700 ## - ADDED ENTRY--PERSONAL NAME
Personal name NADAS
700 ## - ADDED ENTRY--PERSONAL NAME
Personal name SONNENBLICK
700 ## - ADDED ENTRY--PERSONAL NAME
Personal name RESNEKOV
942 ## - ADDED ENTRY ELEMENTS (KOHA)
Source of classification or shelving scheme
Koha item type Book
Suppress in OPAC PW
Holdings
Withdrawn status Lost status Source of classification or shelving scheme Damaged status Not for loan Permanent Location Current Location Shelving location Date acquired Source of acquisition Total Checkouts Full call number Barcode Date last seen Price effective from Koha item type Public note
          AU LIBRARY AU LIBRARY Open Shelf 19.07.2021 DONATION FROM MOI UNIVERSITY   RC681 .Y3 1982 28003204 19.07.2021 19.07.2021 Book PW

Powered by Koha